00289nam a2200121Ia 4500008004100000082001700041100001800058245003500076250000900111260002300120300000800143650001600151191201s2008 xx 000 0 und d a621.381bTAD aTAUB, Harbert 0aDigital Integrated Electronics aRep. aN.DelhibTMHc2008 a650 aB.Tech(ECE)